00973cam a22002773a 450000100060000000300060000600500170001200800410002904000150007004200070008505000070009205000070009910000570010624500850016326000290024850600300027751600200030765300470032765300480037465300630042265300490048565300760053465300140061083000290062485600420065324659PGUSA20140828083530.0080220s2008||||xxu|||||s|||||000 | eng d aPGUSAbeng adc 4aCT 4aDC1 aAbbott, John S. C.q(John Stevens Cabot),d1805-187710aHortense :bMakers of History Seriesh[electronic resource] /cJohn S. C. Abbott bProject Gutenberg,c2008 aPublic domain in the USA. aElectronic text aFrance -- History -- Revolution, 1789-1799 aFrance -- History -- Restoration, 1814-1830 aFrance -- History -- Consulate and First Empire, 1799-1815 aFrance -- History -- Louis Philip, 1830-1848 aHortense, Queen, consort of Louis Bonaparte, King of Holland, 1783-1837 aBiography 0aProject Gutenbergv2465940uhttp://www.gutenberg.org/ebooks/24659